000 nam a22 7a 4500
999 _c48282
_d48282
005 20200414195013.0
008 200414b xxu||||| |||| 00| 0 eng d
040 _aANE
041 _aEs
100 _aAracely del Socorro, Sánchez-Serna
245 _aLas necesidades de las pyme –pequeñas y medianas empresas– y el sistema de información contable y financiero como una estrategia para atender
260 _aBogotà
_c2008
300 _ap.
650 _aSistema Información Contable Financiero
650 _aPyme
650 _aContabilidad
856 _uhttp://documentacion.asambleanacional.gob.ec/alfresco/d/d/workspace/SpacesStore/c6668cee-333b-437e-bd69-6bdfa231e58e/Las%20Necesidades%20De%20Las%20Pyme%20Pequenas%20Y%20Medianas%20Empresas.pdf
942 _2ddc
_cBV
_zNr.